000 00839nam a2200193Ii 4500
003 JO-AjNU
008 230605s9999||||xx |||||||||||||| ||und||
040 _aJO-AjNU
_bara
_erda
_cJO-AjNU
041 _aara
050 1 4 _aK3590.2004
100 3 _aنعمان، محمد عبدالله,
_eauthor
_952996
245 0 0 _aالحماية الدولية للبيئة البحرية : دراسة قانونية خاصة عن البحر الأحمر
264 3 1 _aالقاهرة : دار النهضة العربية ، 2004
300 _a336ص
_bيشتمل على ملاحق ص (291-310) ويشتمل على مراجع ببلوغرافية ص(311-327)
336 _atext
_btxt
_2rdacontent
337 _aunmediated
_bn
_2rdamedia
338 _avolume
_bnc
_2rdacarrier
650 4 _aالحماية الدولية للبيئة البحرية
_952997
999 _aA23509
_c27077
_d27077